Uzupełnij hymn Legii Warszawa - Statystyki

Ogólne statystyki
  • Ten quiz został rozwiązany 63 razy
  • Średni wynik to 11 z 12
Statystyki odpowiedzi
Tekst Odpowiedź % Poprawnych
Mam tak samo jak... Ty
100%
Miasto moje, a w... Nim
98%
Zostawiłem tam kolorowe... Sny
98%
Najpiękniejszy mój świat, najpiękniejsze... Dni
97%
I na skrzydłach jak... Ptak
97%
I warszawskie kolorowe... Dni
95%
Kiedyś zatrzymam... Czas
93%
Będę leciał co sił, tam gdzie moje... Sny
90%
Warszawski... Dzień
88%
Gdybyś ujrzeć chciał, nadwiślański... Świt
88%
Już dziś wyruszaj ze mną... Tam
86%
Zobaczysz jak przywita pięknie... Nas
85%
Nie znaleziono quizów pasujących do podanych kryteriów
Rozkład punktacji
Procent ludzi z każdym wynikiem
Percentyl według liczby udzielonych odpowiedzi
Twoja historia wyników
Nie rozwiązałeś tego quizu